| 000 | 00878nmc a2200313 a 4500 | ||
|---|---|---|---|
| 003 | AR-BaBNM | ||
| 005 | 20251128210409.0 | ||
| 008 | 170020s1996 ||||||||||||||000 | spa|| | ||
| 020 | _a950-9413-35-6 | ||
| 040 | _cAR-BaBNM | ||
| 100 | 1 | _aBarretto, Margarita | |
| 245 | 1 | 0 |
_aEl mate _bsu historia y cultura |
| 250 | _a3ª ed. | ||
| 260 |
_aBuenos Aires _bEdiciones del Sol _c1996 |
||
| 300 | 0 |
_a123 p. _bil. |
|
| 490 | 0 |
_aBiblioteca de cultura popular _vv. 12 |
|
| 500 | 0 | _aContiene referencias bibliográficas en p. 121 | |
| 650 | 4 | _aFOLKLORE | |
| 650 | 4 | _aANTROPOLOGIA CULTURAL Y SOCIAL | |
| 650 | 4 | _aCOSTUMBRES Y TRADICIONES | |
| 650 | 4 | _aLITERATURA FOLKLORICA | |
| 650 | 4 | _aCULTURAS POPULARES | |
| 650 | 4 | _aIDENTIDAD CULTURAL | |
| 650 | 4 | _aYERBA MATE | |
| 651 | 4 | _aArgentina | |
| 800 | 1 |
_aColombres, Adolfo _edirector |
|
| 942 | _cBK | ||
| 998 | _cMARTIN | ||
| 999 |
_c15304 _d15304 |
||